The Role of Internalized Homophobia and Distress in Gay Men's Attitudes Towards Seeking Psychotherapy/MSc Integrative Counceling and Psychotherapy: Individual Research Project (Record no. 8558)
[ view plain ]
| 000 -LEADER | |
|---|---|
| fixed length control field | 01306cam a22001934a 4500 |
| 005 - ΗΜΕΡΟΜΗΝΙΑ ΚΑΙ ΩΡΑ ΤΕΛΕΥΤΑΙΑΣ ΕΝΗΜΕΡΩΣΗΣ | |
| Πεδίο ελέγχου | 20250605164339.0 |
| 008 - FIXED-LENGTH DATA ELEMENTS--GENERAL INFORMATION | |
| Πεδίο ελέγχου σταθερού μήκους | 250528s ||||||||||||||||||||||||d |
| 035 ## - SYSTEM CONTROL NUMBER | |
| System control number | 23557 |
| 040 ## - ΠΗΓΗ ΚΑΤΑΛΟΓΟΓΡΑΦΗΣΗΣ | |
| Φορέας πρωτότυπης καταλογογράφησης | MC Athens Campus Library |
| Γλώσσα καταλογογράφησης | Ελληνικά, Μοντέρνα (1453-) |
| Modifying agency | MC Athens Campus Library |
| Κανόνες περιγραφικής καταλογογράφησης | AACR2 |
| 245 1# - ΤΙΤΛΟΣ ΚΑΙ ΔΗΛΩΣΗ ΥΠΕΥΘΥΝΟΤΗΤΑΣ | |
| Τίτλος | The Role of Internalized Homophobia and Distress in Gay Men's Attitudes Towards Seeking Psychotherapy/MSc Integrative Counceling and Psychotherapy: Individual Research Project |
| 260 ## - PUBLICATION, DISTRIBUTION, ETC. | |
| Date of publication, distribution, etc. | 2019 |
| 300 ## - PHYSICAL DESCRIPTION | |
| Extent | 85 |
| 520 ## - SUMMARY, ETC. | |
| Summary, etc. | Introduction, Literature Review, Internalized Homophobia and Attitudes Towards Homosexuality, Gay Affirmative Psychotherapy, Gay Affirmative Cognitive Behavioural Psychotherapy, Attitudes Towards Seeking Psychotherapy, Age, Coming Out and Sexual Orientation, Self Disclosure and Self Concealment Disclosure, Hypotheses, Method, Design, Participants, mMaterials, Procedure, Ethics, Results, Discussion, Hypotheses Discussion, Limitations, Strengths, Future Research, Conclusion, References, Appendices, Invitation Letter, Briefing, Consent Form, Internalized Homophobia Scale, Distress Disclosure Index, Attitudes Towards Seeking Professional Psychological Help Scale, Debriefing, Statistics. |
| 700 1# - ΠΡΟΣΘΕΤΗ ΑΝΑΓΡΑΦΗ--ΦΥΣΙΚΟ ΠΡΟΣΩΠΟ | |
| Personal name | Poulitsas Nikolaos |
| 9 (RLIN) | 8934 |
| 700 1# - ΠΡΟΣΘΕΤΗ ΑΝΑΓΡΑΦΗ--ΦΥΣΙΚΟ ΠΡΟΣΩΠΟ | |
| Personal name | Zachariadis Andreas Polydoros |
| 9 (RLIN) | 9135 |
| 942 ## - ADDED ENTRY ELEMENTS (KOHA) | |
| Koha item type | Διπλωματική εργασία |
| Τύπος τεκμηρίου | Βιβλιοθήκη | Τρέχουσα τοποθεσία | Barcode | Ημερομηνία απόκτησης | Ταξιθετικό σύμβολο | Αριθμός αντιτύπου | Κατάσταση απόσυρσης | Κατάσταση χαμένου | Κατάσταση κατεστραμμένου | Μη δανεισμός | Σύνολο δανεισμών | Ημερομηνία τελευταίας εμφάνισης | Η τιμή ισχύει από |
|---|---|---|---|---|---|---|---|---|---|---|---|---|---|
| Διπλωματική εργασία | MC Athens Campus Library | MC Athens Campus Library | 9780000085573 | 05/06/2025 | PSY 2019 (11) | 1 | 05/06/2025 | 05/06/2025 |